000 00870nam a22002417a 4500
999 _c15196
_d15196
003 AR-CdUCM
008 190426b ||||| |||| 00| 0 spa d
020 _a978-607-618-530-8
040 _aMUNICIPALIDAD PROVINCIAL DEL CUSCO
_cBIBLIOTECA MUNICIPAL DEL CUSCO
082 _aPI / 800 /
_bD82
110 _aDisney enterprises
_932870
245 _aAventuras para soñar /
260 _aMexico :
_bAdvanced marketing,
_c2016.
300 _a304 paginas ;
_bIlustraciones,
_c23 cm.
500 _aTitulo original : Bedtime favorites
505 _aContenido : Toy story -- El rey león -- Mickey mouse -- La cenicienta -- Peter pan...
650 _aCuentos para niños (as)
_933191
650 _aCars aventuras sobre ruedas
_934224
650 _aHistorias divertidas
_934225
650 _aCuentos divertidos
_934226
942 _2ddc
_cLIBROS
945 _awnts
_d2019-04-26